|
|
|
|
| LEADER |
00000nam0a2200000 4500 |
| 001 |
334551 |
| 005 |
20231102004651.0 |
| 010 |
|
|
|a 9785171012229
|
| 035 |
|
|
|a (RuTPU)RU\TPU\book\360802
|
| 090 |
|
|
|a 334551
|
| 100 |
|
|
|a 20170830d2017 km y0rusy50 ca
|
| 101 |
0 |
|
|a rus
|
| 102 |
|
|
|a RU
|
| 105 |
|
|
|a a z 001zy
|
| 200 |
1 |
|
|a Азбука современной ТРИЗ. Настольная книга для изобретательного мышления
|e базовый практический курс Академии Модерн ТРИЗ
|f М. А. Орлов
|
| 210 |
|
|
|a Москва
|c АСТ
|d 2017
|
| 215 |
|
|
|a 495 с.
|c ил.
|
| 225 |
1 |
|
|a Библиотека развития интеллекта
|
| 320 |
|
|
|a Термины, определения и сокращения: с. 495
|
| 330 |
|
|
|a Теория решения изобретательских задач (ТРИЗ) — прикладная наука, созданная на основе сотен тысяч реальных изобретений. ТРИЗ усиливает и развивает эффективное творческое мышление, обеспечивает решение, казалось бы, неразрешимых задач с помощью новых, блестящих идей.Автор книги М. А. Орлов, основатель направления Модерн-ТРИЗ, тренер и консультант множества компаний и университетов в Европе, Азии и США, создал высокоэффективный Мета-Алгоритм Изобретения (МАИ) Т-Р-И-3, который может освоить каждый, кто пройдет «тренинг изобретательности», изложенный в этой книге. Знание ТРИЗ позволяет получить необходимые высококлассные идеи в сжатые сроки! Многие известные компании (Samsung, Siemens, General Motors, LG, Intel и др.) с успехом применяют эти знания на практике. Теперь наука ТРИЗ доступна и вам для эффективного решения сложных проблем с «неразрешимыми» противоречиями.
|
| 606 |
1 |
|
|a Техническое моделирование
|2 stltpush
|3 (RuTPU)RU\TPU\subj\79681
|9 87937
|
| 610 |
1 |
|
|a изобретательская деятельность
|
| 610 |
1 |
|
|a изобретения
|
| 610 |
1 |
|
|a навыки
|
| 610 |
1 |
|
|a алгоритмы
|
| 610 |
1 |
|
|a моделирование
|
| 610 |
1 |
|
|a экстрагирование
|
| 610 |
1 |
|
|a реинвентинг
|
| 610 |
1 |
|
|a гении
|
| 610 |
1 |
|
|a таланты
|
| 675 |
|
|
|a 62:001.894
|v 4
|
| 700 |
|
1 |
|a Орлов
|b М. А.
|g Михаил Александрович
|
| 801 |
|
1 |
|a RU
|b 63413507
|c 20170830
|
| 801 |
|
2 |
|a RU
|b 63413507
|c 20220810
|g RCR
|
| 942 |
|
|
|c BK
|